Ecología animal : (Registro nro. 17707)
[ vista simple ]
| 000 -CABECERA | |
|---|---|
| Campo de control | 00985cam a2200253 a 4500 |
| 005 - FECHA Y HORA DE LA ULTIMA TRANSACCION | |
| Campo de control | 20150825110240.0 |
| 008 - ELEMENTOS DE LONGITUD FIJA—INFORMACION GENERAL | |
| Campo de control | 900824s1989 mx r 00010 spa d |
| 020 ## - ISBN | |
| ISBN | 9682428300 |
| 040 ## - FUENTE DE CATALOGACIÓN | |
| Agencia catalogadora original | la |
| Agencia transcriptora | la |
| Agencia Modificadora | CO-BoIAVH |
| 041 0# - IDIOMA | |
| Código de idioma para texto/pista de sonido o título separado | Español |
| 044 ## - PAÍS DE PUBLICACIÓN | |
| País de publicación | México |
| 082 04 - NUMERO DE CLASIFICACION DECIMAL DEWEY | |
| Número de clasificación | 591.07 |
| Número del ítem | B41e |
| 100 1# - ASIENTO PRINCIPAL--NOMBRE PERSONAL | |
| Nombre personal | Begon, Michael. |
| 9 (RLIN) | 37350 |
| 245 10 - MENCION DE TITULO | |
| Título | Ecología animal : |
| Parte restante del título | modelos de cuantificación de poblaciones / |
| Mención de responsabilidad | Michael Begon. |
| 260 ## - PUBLICACION, DISTRIBUCION, ETC. (PIE DE IMPRENTA) | |
| Lugar de publicación, distribución, etc. | México : |
| Nombre del editor, distribuidor, etc. | Editorial trillas, |
| Fecha de publicación, distribución, etc. | 1989. |
| 300 ## - DESCRIPCION FISICA | |
| Extensión | 136 p. ; |
| Dimensiones | 23 cm. |
| Otros detalles físicos | tablas, formulas. |
| 500 ## - NOTA GENERAL | |
| Nota general | Incluye índices onosmástico y analítico. |
| 504 ## - NOTA DE BIBLIOGRAFIA, ETC. | |
| Nota de bibliografía | Incluye referencias bibliográficas (Páginas 127-129). |
| 505 ## - NOTA DE CONTENIDO | |
| Nota de contenido | Cap. 1 Contexto.<br/>Cap. 2 Los modelos.<br/>Cap. 3 Interpretación.<br/>Cap. 4 Comprobación de los supuestos.<br/>Cap. 5 Aspectos prácticos. |
| 650 #6 - ASIENTO SECUNDARIO DE MATERIA - TERMINO TEMATICO | |
| Término temático o nombre geográfico como elemento de entrada | Ecología animal |
| Subdivisión general | Modelos matemáticos. |
| 9 (RLIN) | 37353 |
| 650 #6 - ASIENTO SECUNDARIO DE MATERIA - TERMINO TEMATICO | |
| Término temático o nombre geográfico como elemento de entrada | Ecología |
| Subdivisión general | Modelos matemáticos. |
| 9 (RLIN) | 37354 |
| 650 #6 - ASIENTO SECUNDARIO DE MATERIA - TERMINO TEMATICO | |
| Término temático o nombre geográfico como elemento de entrada | Diseño experimental. |
| 9 (RLIN) | 3545 |
| 942 ## - ELEMENTOS ADICIONALES (KOHA) | |
| Sistema de clasificación | Dewey Decimal Classification |
| Tipo de ítem | Libro |
| Withdrawn status | Lost status | Sistema de Clasificación | Damaged status | No para préstamo | Colección | Inventariado | Ubicación Permanente | Ubicación actual | Fecha de adquisición | Fuente de Valor | Valor | Total Checkouts | Número topográfico | Inventario / Código de Barras | Date last seen | Ejemplar | Price effective from | Forma de adquisición | Tipo de material |
|---|---|---|---|---|---|---|---|---|---|---|---|---|---|---|---|---|---|---|---|
| Dewey Decimal Classification | General | Inventariado 2017 | Bogotá | Bogotá | 25/08/2015 | Instituto | 50000.00 | LB-591.07 B41e | 035180 | 25/08/2015 | Ej. 1 | 25/08/2015 | Canje | Libro |